Administration and spatial planning as tools of land management in Poland /

Bibliographic Details
Main Author: Jachniak-Ganguly, Danuta
Format: Book
Language:English
Published: London : Centre for Environmental Studies, 1978.
Series:Occasional paper (Centre for Environmental Studies (Great Britain)) ; 4.
Subjects:

MARC

Tag First Indicator Second Indicator Subfields
LEADER 00000cam a2200000 a 4500
001 in00000080753
005 20151008054053.0
008 800227s1978 pl a b 00010 engm
010 |a  80461440  
015 |a GB79-29236 
020 |c 2.25 
035 |a (OCoLC)06093393 
035 |9 AAH9534AM 
040 |a DLC  |c DLC  |d m.c.  |d TXA  |d UtOrBLW 
043 |a e-pl---  |a e-uk-en 
049 |a TXAM  |c [1654732] 
050 0 0 |a HD728.2  |b .J3 
082 0 |a 333.73/17/09438 
100 1 |a Jachniak-Ganguly, Danuta. 
245 1 0 |a Administration and spatial planning as tools of land management in Poland /  |c Danuta Jachniak-Ganguly. 
264 1 |a London :  |b Centre for Environmental Studies,  |c 1978. 
300 |a 124 pages :  |b illustrations ;  |c 30 cm. 
336 |a text  |b txt  |2 rdacontent 
337 |a unmediated  |b n  |2 rdamedia 
338 |a volume  |b nc  |2 rdacarrier 
490 1 |a Occasional paper / Centre for Environmental Studies,  |x 0141-7304 ;  |v 4 
504 |a Bibliography: pages 121-124. 
650 0 |a Land use  |x Planning  |z Poland. 
650 0 |a Land use  |x Planning  |z England. 
830 0 |a Occasional paper (Centre for Environmental Studies (Great Britain)) ;  |v 4. 
999 |a MARS 
999 f f |s 7582fe2d-dcc3-3f8d-be70-979934ca77e3  |i 3a6d766b-c533-3dbe-a4d7-a6a672b7c42c  |t 0 
952 f f |p ric  |a Texas A&M University  |b Rellis Campus  |c Joint Library Facility  |d Remote Storage  |t 0  |e HD728.2 .J3  |h Library of Congress classification  |i unmediated -- volume  |m A14806125619 
998 f f |a HD728.2 .J3  |t 0  |l Remote Storage